000 00541cam a22001814a 4500
005 20250605164115.0
008 250528s ||||||||||||||||||||||||d
035 _a18044
040 _aGR-AtMCL
_bgre
_dGR-AtMCL
_eAACR2
245 1 _aΕΙΣΑΓΩΓΗ ΣΤΗΝ ΕΛΛΗΝΙΚΗ ΛΑΟΓΡΑΦΙΑ
250 _a3
260 _bΜορφωτικό Ίδρυμα Εθνικής Τραπέζης,
_c1985
300 _a351
700 1 _aΛουκατος Σ. Δημητριος
_94335
942 _cBK
999 _c3436
_d3436